Invitación a la lectura : (Registro nro. 14356)

Detalles MARC
000 -LEADER
fixed length control field 00945nam a2200289 a 4500
001 - CONTROL NUMBER
control field 000002301
003 - CONTROL NUMBER IDENTIFIER
control field DO-SdBNP
005 - DATE AND TIME OF LATEST TRANSACTION
control field 20221213082530.0
008 - FIXED-LENGTH DATA ELEMENTS--GENERAL INFORMATION
fixed length control field 090701s1985 dr r 000 0 spa d
040 ## - CATALOGING SOURCE
Original cataloging agency DO-SdBNP
Language of cataloging spa
Transcribing agency BPMSU
082 ## - DEWEY DECIMAL CLASSIFICATION NUMBER
Classification number 028.9
Item number H519i 1985
Edition number 22
100 1# - MAIN ENTRY--PERSONAL NAME
Personal name Henríquez Ureña, Camila,
Dates associated with a name 1894-1973
245 10 - TITLE STATEMENT
Title Invitación a la lectura :
Remainder of title notas sobre apreciación literaria /
Statement of responsibility, etc. Camila Henríquez Ureña.
250 ## - EDITION STATEMENT
Edition statement 3a. ed.
260 ## - PUBLICATION, DISTRIBUTION, ETC. (IMPRINT)
Place of publication, distribution, etc. Santo Domingo :
Name of publisher, distributor, etc. Taller,
Date of publication, distribution, etc. 1985.
300 ## - PHYSICAL DESCRIPTION
Extent 211 p. ;
Dimensions 19 cm.
490 0# - SERIES STATEMENT
Series statement Biblioteca Taller,
Volume/sequential designation 189
500 ## - GENERAL NOTE
General note Incluye datos biográficos de la autora en la contracubierta
500 ## - GENERAL NOTE
General note Incluye cronología de Camila Henríquez Ureña.
590 ## - LOCAL NOTE (RLIN)
Local note Inventariado, 2022/VM
650 #4 - SUBJECT ADDED ENTRY--TOPICAL TERM
Topical term or geographic name as entry element Promoción de la lectura
650 #4 - SUBJECT ADDED ENTRY--TOPICAL TERM
Topical term or geographic name as entry element Libros y lectura
650 #4 - SUBJECT ADDED ENTRY--TOPICAL TERM
Topical term or geographic name as entry element Comprensión de lectura
650 #4 - SUBJECT ADDED ENTRY--TOPICAL TERM
Topical term or geographic name as entry element Crítica literaria
910 ## - USER-OPTION DATA (OCLC)
User-option data VMateo V./Validado
942 ## - ADDED ENTRY ELEMENTS (KOHA)
Koha item type Libros
Source of classification or shelving scheme Dewey Decimal Classification
Existencias
Withdrawn status Lost status Source of classification or shelving scheme Damaged status Not for loan Home library Current library Date acquired Total Checkouts Full call number Barcode Date last seen Price effective from Koha item type
    Dewey Decimal Classification     Biblioteca Pública Metropolitana Salomé Ureña Biblioteca Pública Metropolitana Salomé Ureña 12/13/2022   BPMSU CD 028.9 H519i 1985 BPMSU22120003 12/13/2022 12/13/2022 Libros